El desarrollo de la reforma universitaria en Espaą y el Espacio Europeo de Educacin̤ Superior

Bibliographic Details
Main Author: Toledo Lara, Gustavo
Format: eBook
Language:Spanish
Published: Barcelona: J.M. Bosch Editor, 2018
Subjects:
Online Access:Acceso restringido

MARC

LEADER 00000nam a22000007a 4500
005 20190411125438.0
007 cr|||| ||||
008 190411s2018 es |||||s|||| 00||0 spa d
020 |a 978-84-948188-6-8 
035 |a 23107 
040 |a vLex 
090 |c 8602  |d 8602 
100 1 |a Toledo Lara, Gustavo 
245 1 2 |a El desarrollo de la reforma universitaria en Espaą y el Espacio Europeo de Educacin̤ Superior  |h [Recurso electrn̤ico] /  |c Gustavo Toledo Lara 
256 |a Servicio en ln̕ea 
260 |a Barcelona:  |b J.M. Bosch Editor,  |c 2018 
300 |a 1 recurso electrn̤ico 
500 |a ¿La Universidad espaǫla ha transitado por un autňtico proceso de renovacin̤ impulsado por el Espacio Europeo de Educacin̤ Superior? ¿En las aulas se siguen las mismas prc̀ticas docentes? ¿Se han obtenido los resultados esperados? ¿Qu ̌ha cambiado en la universidad? ¿Hacia dn̤de va la Universidad espaǫla? En este libro se investiga el desarrollo de la reforma universitaria en Espaą y el Espacio Europeo de Educacin̤ Superior, a partir del estudio de casos como perspectiva para su anl̀isis. La Universidad siempre va a estar en el punto de mira de la sociedad. De ella se esperan respuestas a los grandes interrogantes del mundo, adems̀ de transmitir valores y cultura, pero ¿ha sido necesario impulsar algunas polt̕icas pb︢licas educativas para mejorar la dinm̀ica universitaria? Ms̀ all ̀de las opiniones a favor o en contra, aqu ̕se exponen datos e informacin̤ sobre todo el contexto que ha estado presente, mientras se ha desarrollado la reforma universitaria espaǫla. No se debe obviar el hecho de que el sistema universitario cuenta con una variedad de universidades, realidades y contextos y es precisamente esa variedad la que logra captar la atencin̤ de los cuerpos decisorios y, en definitiva, de la sociedad y su conjunto. A lo largo de este libro, se explora el proceso de Bolonia y su desarrollo, la educacin̤ universitaria en Espaą, una aproximacin̤ al concepto de Universidad y sus elementos caracters̕ticos y un estudio de casos realizado en cinco universidades con el objeto de revisar su dinm̀ica a props̤ito de este proceso reformista. Definitivamente, la Universidad es un r̤gano vivo en constante evolucin̤, pero es ms̀ difc̕il reformar el pensamiento que reformar las estructuras. 
506 1 |a Disponible solo en los productos indicados  |d vLex Global  |d vLex Global (Academic Edition, excluding Law Schools)  |d vLex Global (U.S. Academic Edition, Law Schools)  |d vLex Global (U.S. Academic Edition, excluding Law Schools)  |d vLex Global (Academic Edition, Law Schools) 
650 0 4 |a Ciencias sociales  |z Espaą 
650 0 4 |a Educacin̤  |z Espaą 
740 0 |a vLex Libros (Servicio en ln̕ea) 
856 4 0 |u http://vlex.com/source/desarrollo-de-la-reforma-universitaria-en-espa-a-y-el-espacio-europeo-de-educacion-superior-23107  |z Acceso restringido 
942 |c BOOK 
999 0 |a Social Sciences 
999 0 |a Education